| 000 | 01202nam a2200289Ia 4500 | ||
|---|---|---|---|
| 001 | ebr10132670 | ||
| 003 | CaPaEBR | ||
| 006 | m u | ||
| 007 | cr cn||||||||| | ||
| 008 | 000815s2006 enk s 000 0 eng d | ||
| 020 | _z1845449487 | ||
| 040 |
_aCaPaEBR _cCaPaEBR |
||
| 035 | _a(OCoLC)133164813 | ||
| 050 | 1 | 4 |
_aTS183 _b.D47 2006eb |
| 245 | 0 | 0 |
_aDesign and manufacturing _h[electronic resource] : _bspecial Issue / _cguest editorsJillian MacBryde and Zoe Radnor. |
| 260 |
_aBradford, England : _bEmerald Group Publishing, _cc2006. |
||
| 300 | _a187 p. | ||
| 490 | 0 |
_aInternational journal of productivity and performance management ; _vv.55, no. 3/4 |
|
| 533 |
_aElectronic reproduction. _bPalo Alto, Calif. : _cebrary, _d2009. _nAvailable via World Wide Web. _nAccess may be limited to ebrary affiliated libraries. |
||
| 650 | 0 |
_aManufacturing processes _xStandards. |
|
| 650 | 0 | _aIndustrial productivity. | |
| 655 | 7 |
_aElectronic books. _2local |
|
| 700 | 1 | _aMacBryde, Jillian. | |
| 700 | 1 |
_aRadnor, Z. J. _q(Zoe J.) |
|
| 710 | 2 | _aebrary, Inc. | |
| 856 | 4 | 0 |
_uhttp://site.ebrary.com/lib/rucke/Doc?id=10132670 _zAn electronic book accessible through the World Wide Web; click to view |
| 999 |
_c182790 _d182790 |
||